| 000 | 00544nam a22001577a 4500 | ||
|---|---|---|---|
| 005 | 20250416202051.0 | ||
| 008 | 250416b |||||||| |||| 00| 0 eng d | ||
| 020 | _a0618465243 | ||
| 050 |
_aRC4121 _b.R87 2005 |
||
| 245 |
_aFuentes : _bConversacion y gramatica / _c[Authors] Debbie Rusch; Marcela Dominguez; Lucia Caycedo Garner |
||
| 250 | _a3rd ed. | ||
| 260 |
_aBoston _aNew York _bHoughton Mifflin Company _cc2005 |
||
| 300 |
_a382pages _bIllustrations, Appendix _c25cm |
||
| 500 | _aInstructor's Annotated Edition | ||
| 942 |
_2lcc _cBK _e3rd ed. _n0 |
||
| 999 |
_c5496 _d5496 |
||